مكتبة جامعة عجلون الوطنية

فهرس بحث المكتبة

Normal view MARC view
  • تاليف كراجه، عبدالحليم، م.مشارك: احمد الجعبري، عبدالرحمن سالم

Entry Personal Name

Number of records used in: 1

001 - CONTROL NUMBER

  • control field: 45740

003 - CONTROL NUMBER IDENTIFIER

  • control field: JO-AjAnu

005 - DATE AND TIME OF LATEST TRANSACTION

  • control field: 20230606081550.0

008 - FIXED-LENGTH DATA ELEMENTS

  • fixed length control field: 230606|| aca||aabn | a|a d

040 ## - CATALOGING SOURCE

  • Original cataloging agency: JO-AjAnu
  • Transcribing agency: JO-AjAnu

100 ## - HEADING--PERSONAL NAME

  • Personal name: تاليف كراجه، عبدالحليم، م.مشارك: احمد الجعبري، عبدالرحمن سالم

670 ## - SOURCE DATA FOUND

  • Source citation: Work cat.: (JO-AjAnu)23417: تاليف كراجه، عبدالحليم، م.مشارك: احمد الجعبري، عبدالرحمن سالم, author, محاسبة المنشآت الخاصة